000 00678nam a2200289Ia 4500
005 20260324142437.0
008 008 260324s9999 xx 000 0 eng d
020 _a9781315021836
037 _aEBOOK
040 _aCRL
040 _beng
040 _cCRL
041 _2eng
041 _aeng
084 _qCRL
100 _aNancy Lutkehaus; Paul Roscoe
_91211956
245 0 _aGender Rituals
245 0 _bFemale Initiation in Melanesia
260 _bTaylor and Francis
260 _c1995
365 _a
365 _b210
856 _uhttp://www.taylorfrancis.com/books/9781315021836
942 _cEBOOK
999 _c1816161
_d1816161